LEADER 00883nam a2200241 i 4500 001 000000129593 003 CaOOAMICUS 005 20070703000000.0 008 070703s1965 it u000 u ita u 013 $a102326 040 $aSeMil$bita 100 1 $aAlberes, Rene Marill.$0(OLS)http://semarc/name/38684 245 10$aMichel Butor /$cR. M. Albérès. 260 $aTorino :$bBorla,$c1965. 300 $a150 p. ;$c19 cm. 490 0 $aScrittori del Secolo ;$v16 600 14$aButor, Michel <1926-2016>.$0(OLS)http://semarc/subject/25613 830 0$aScrittori del Secolo ;$v16.$0(OLS)http://semarc/title/10418 850 $aSeMil 852 $aSeMil$W1$xVenegono$y1$m1R I 125$j247267$B83707$CSeMilBibl$Z2$F124739 $81 961 $aRecupero: Altro 996 $6245$aMichel Butor$9(OLS)http://semarc/title/191220 996 $6260$aTorino :$bBorla$9(OLS)http://semarc/publisher/29913 LEADER 01029nam a2200241 i 4500 001 000000116678 003 CaOOAMICUS 005 20030626000000.0 008 030626s1977 is u000 u fre u 013 $a89367 040 $aSeMil$bita 100 1 $aDubois, Jacques .$0(OLS)http://semarc/name/24870 245 10$aIsrael Poete de Dieu /$cJacques Dubois. 260 $aJérusalem :$bOlivier,$cstampa 1977. 300 $a114 p. ;$c20 cm. 500 $aIn preliminari : complemento del titolo : la Vocation Poétique et la Vocation d'Israël selon Paul Claudel. - Dedica autografa al Card. C.M. Martini. - Fondo Card. C.M. Martini. 600 14$aClaudel, Paul <1868-1955>.$0(OLS)http://semarc/subject/9918 850 $aSeMil 852 $aSeMil$W1$xVenegono$y1$m2W IV 213$j72095$B72095$CSeMilBibl$Z2$F105330 $81 941 1 $a4 961 $aOmaggio: Martini Card. Carlo Maria 996 $6245$aIsrael Poete de Dieu$9(OLS)http://semarc/title/171107 996 $6260$aJérusalem :$bOlivier$9(OLS)http://semarc/publisher/45592